header

Staged diabetes management (Record no. 218706)

MARC details
000 -LEADER
fixed length control field 01753nam a2200373 a 4500
082 04 - DEWEY DECIMAL CLASSIFICATION NUMBER
Classification number 616.4/62
245 00 - TITLE STATEMENT
Title Staged diabetes management
250 ## - EDITION STATEMENT
Edition statement 3rd ed.
260 ## - PUBLICATION, DISTRIBUTION, ETC. (IMPRINT)
Place of publication Hoboken :
Name of publisher Wiley-Blackwell,
Year of publication 2012.
300 ## - PHYSICAL DESCRIPTION
Number of Pages xi, 281 p. :
Other physical details ill.
505 8# - FORMATTED CONTENTS NOTE
Formatted contents note Introduction to staged diabetes management -- Implementation of staged diabetes management -- Characterization of glucose metabolism -- Detection and treatment of type 1 diabetes -- Type 2 diabetes in adults -- Diabetes in pregnancy -- Type 2 diabetes and metabolic syndrome in children and adolescents -- Complications associated with diabetes -- Diabetes-associated comorbidities -- Hyperglycemia in the hospital setting.
650 #0 - SUBJECT ADDED ENTRY--TOPICAL TERM
Topical Term Diabetes.
Topical Term Medical protocols.
Topical Term Evidence-based medicine.
700 1# - ADDED ENTRY--PERSONAL NAME
Personal name Mazze, R. S.
856 40 - ELECTRONIC LOCATION AND ACCESS
Uniform Resource Identifier http://site.ebrary.com/lib/rucke/Doc?id=10506271

No items available.

© 2026 Rongo University
Contact us: librarian | system librarian | Rongo university